00822nam a2200193 a 450000100100000000500170001000800410002702000180006804000250008608200150011110000470012624500830017326000390025630000270029550000570032295201130037995201190049299900170061100004529020241017090756.0150225s2009 dr a 000 0 spa d a9789945460483 aDO-SdBNPbspacBNPHU axxxxbxxxx1 aEstévez Aristy, Justiniano,d1962-9321213aLa mariposita Evangelina y el lagarto glotón /cJustiniano Estévez Aristy. aSanto Domingo :bSantuario,c2009. a70 p. :bil. ;c22 cm. aIncluye datos biográficos del autor en las solapas 0010718PDaPDbPDcCTd2015-02-25iLF1l0oxxxx xxxxp45290-10r2020-06-25w2020-06-25yLFPDZNo se presta 0010718PDaPDbPDcCTd2015-02-25iLF1l0oxxxx xxxxp45290-20r2020-06-25te. 2w2020-06-25yLFPDZNo se presta c44779d44779